| 000 | 01181nam0a2200313 4500 | ||
|---|---|---|---|
| 001 | RU\NLR\bibl\836079 | ||
| 005 | 20250614143438.0 | ||
| 010 |
_a5-88503-328-5 _918000 |
||
| 021 |
_aRU _b2005-41528 _92059 |
||
| 035 | _a(NLR Aleph) 000824919 | ||
| 090 |
_a1324546 _c1324546 |
||
| 100 | _a20050902d2005 |||y0rusy50 ca | ||
| 101 | 0 | _arus | |
| 102 | _aRU | ||
| 105 | _ay ||||||||| | ||
| 200 | 1 |
_aРадость вечного развития _eавторские семинары Григория Петровича Грабового _eизбранное _f[сост.: Монакова С. М.] |
|
| 210 |
_aМосква _aСанкт-Петербург _cДИЛЯ _d2005 |
||
| 215 |
_a221, [2] с. _d20 |
||
| 225 | 1 | _aУчение Григория Грабового | |
| 606 | 1 |
_aПсихобиоэнергетика _91524850 _3RU\NLR\auth\66964907 |
|
| 686 | _aЮ96 | ||
| 700 | 1 |
_aГрабовой _bГ. П. _gГригорий Петрович _4070 |
|
| 702 | 1 |
_aМонакова _bС. М. _gСветлана Михайловна _4220 |
|
| 801 | 0 |
_aRU _bNLR _c20050902 _grcr |
|
| 801 | 1 |
_aRU _bNLR _c20050902 |
|
| 942 | _cBOOK | ||
| 980 | _aNB | ||